| 000 | 00586nam a22001817a 4500 | ||
|---|---|---|---|
| 003 | IT-RoPau | ||
| 005 | 20220918175937.0 | ||
| 008 | 121217b xxu||||| |||| 00| 0 eng d | ||
| 040 | _cIT-RoPau | ||
| 100 |
_aAlberione Giacomo _cssp _970 |
||
| 245 |
_aAlle Pie Discepole del Divin Maestro 1960. _bRaccolta di meditazioni e istruzioni trascritte dalle registrazioni su nastro magnetico |
||
| 250 | _a1° ed. | ||
| 260 |
_aRoma _bEdizioni Paoline _c1986 |
||
| 300 |
_a294 p. _c21,5 cm |
||
| 490 |
_aOpera Omnia (serie blu) _vvol. V |
||
| 520 | _aINDICE GENERALE INDICI | ||
| 942 |
_2ddc _cBK |
||
| 999 |
_c37681 _d37681 |
||